000 00597nam 22001933 4500
001 199775
090 _a199775
100 _a20260108d u||y0pory50 ba
200 _aEducação matemática
_fMargaret Brown... [et al.]
_gcolaboração de Ana Boavida... [et al.]
210 _a[Lisboa]
_cInstituto de Inovação Educacional
_d[199-]
215 _a255 p.
_cbrochado
_d21 cm
225 _aTemas de investigação
606 _91432
_aMatemática
675 _a51
_vPT
_zpor
700 _915575
_aBrown
_bMargaret
702 _915576
_aBoavida
_bAna
801 _aPT
_bBMMN
_gRPC
830 _cVanda
990 _cLIVROS